A carregar...

Islamika Sambhathika Sastram /

Detalhes bibliográficos
Autor principal: Rahmathulla A.I
Formato: Printed Book
Publicado em: 2009.
Edição:1st ed.
LEADER 00471nam a2200145Ia 4500
008 150527150527b xxu||||| |||| 00| 0 eng d
082 |a 330 
100 |a Rahmathulla A.I 
245 |c by Rahmathulla A.I  |a Islamika Sambhathika Sastram / 
250 |a 1st ed. 
260 |c 2009. 
300 |a 113 p. 
942 |c BK 
999 |c 170909  |d 170909 
952 |0 0  |1 0  |4 0  |6 330_000000000000000_RAH_I  |7 0  |9 189560  |a ARA  |b ARA  |c ST1  |d 2015-05-27  |i 8237  |l 0  |o 330 RAH/I  |p ARA008237  |r 2015-05-27  |w 2015-05-27  |y BK